| 000 | 005150000a22001810004500 | ||
|---|---|---|---|
| 003 | MACL | ||
| 005 | 20160102171852.0 | ||
| 008 | 160102b xxu||||| |||| 00| 0 eng d | ||
| 040 |
_aMACL _cMACL |
||
| 041 | _aEnglish | ||
| 082 | _a658.543/GAD | ||
| 100 |
_aGovernment of Madhya Pradesh _927440 |
||
| 245 |
_aSecretarial Office Hand Book _bBeing a Compilation of office Orders |
||
| 260 |
_bGovernment Central Press _c1964 _aBhopal |
||
| 350 | _a5.00 | ||
| 650 |
_aManagement _927441 |
||
| 942 |
_cBK _k658.543/GAD _2ddc |
||
| 999 |
_c38658 _d38658 |
||